तुरुंगरंग (Record no. 362262)

MARC details
000 -LEADER
fixed length control field 00498 a2200145 4500
005 - DATE AND TIME OF LATEST TRANSACTION
control field 20241212112549.0
008 - FIXED-LENGTH DATA ELEMENTS--GENERAL INFORMATION
fixed length control field 241212b |||||||| |||| 00| 0 eng d
020 ## - INTERNATIONAL STANDARD BOOK NUMBER
International Standard Book Number 9789363742802
041 ## - LANGUAGE CODE
Language code of text/sound track or separate title Marathi
100 ## - MAIN ENTRY--PERSONAL NAME
Author Patil R.
245 ## - TITLE STATEMENT
Title तुरुंगरंग
Remainder of title तुरुंगवास भोगलेल्या एका भूतपूर्व IPS अधिकाऱ्याची डायरी
260 ## - PUBLICATION, DISTRIBUTION, ETC.
Name of publisher, distributor, etc. Manovikas Prakashan
Date of publication, distribution, etc. 2024
300 ## - PHYSICAL DESCRIPTION
Extent 432
942 ## - ADDED ENTRY ELEMENTS (KOHA)
Koha item type Books
Holdings
Withdrawn status Lost status Source of classification or shelving scheme Damaged status Not for loan Home library Current library Date acquired Vendor Net Price Total Checkouts Full call number Barcode Date last seen Date last checked out Actual Price Bill Date Koha item type
    Dewey Decimal Classification     Cummins College of Engineering for Women Pune Cummins College of Engineering for Women Pune 06/12/2024 63 399.20 3 891.463 PAT CCEP-BK-67734 01/04/2025 19/03/2025 499.00 06/12/2024 Books